Teaching & learning special english

Gespeichert in:
Bibliographische Detailangaben
1. Verfasser: Lưu, Minh Dũng
Format: Buch
Sprache:Undetermined
Veröffentlicht: Thành phố Hồ Chí Minh Công ty An Hoà 2003
Schlagworte:
Tags: Tag hinzufügen
Keine Tags, Fügen Sie den ersten Tag hinzu!
Thư viện lưu trữ: Trung tâm Học liệu Trường Đại học Cần Thơ
LEADER 00566nam a2200193Ia 4500
001 CTU_63770
008 210402s9999 xx 000 0 und d
082 |a 428.24 
082 |b D513/No.46 
100 |a Lưu, Minh Dũng 
245 0 |a Teaching & learning special english 
245 0 |c Lưu Minh Dũng (chủ biên) 
260 |a Thành phố Hồ Chí Minh 
260 |b Công ty An Hoà 
260 |c 2003 
650 |a English language 
650 |x Study and teaching 
910 |a Năm 
980 |a Trung tâm Học liệu Trường Đại học Cần Thơ